| 000 | 01565 a2200217 4500 | ||
|---|---|---|---|
| 001 | 47086 | ||
| 005 | 20260407155739.0 | ||
| 008 | 260407a1991 arg spa d | ||
| 003 | AR-UNSa-BCEJYS | ||
| 040 |
_aAR-UNSa-BCEJYS _bspa _cAR-UNSa-BCEJYS |
||
| 080 |
_a94:33 _xHistoria económica |
||
| 245 | 1 | 0 | _aHistoria de la economía |
| 020 | _a978-950-9122-13-0 | ||
| 264 | 1 |
_aBarcelona : _bEdiciones Ariel _c1991 |
|
| 300 |
_a331 p. _c23 cm. |
||
| 505 | _a1. Una visión panorámica - 2. Después de Adán - 3. El perdurable intermedio - 4. Los mercaderes y el Estado - 5. El proyecto francés - 6. El nuevo mundo de Adam Smith - 7. Refinamiento, afirmación y las semillas de la revuelta - 8. La gran tradición clásica [1]: Por los alrededores - 9. La gran tradición clásica [2]: La corriente principal - 10. La gran tradición clásica [3]: La defensa de la fe - 11. La ofensiva general - 12. La peculiar personalidad del dinero - 13. Focos de interés en Estados Unidos : El comercio y los monopolios; los enriquecidos y los ricos - 14. Culminación y crítica - 15. La fuerza primordial d la Gran Depresión - 16. El nacimiento del Estado del bienestar - 17. John Maynard Keynes - 18. La confirmación de Marte - 19. Pleno mediodía - 20. Crepúsculo y toque de oración - 21. El presente como el futuro [I] - 22. El presente como el futuro [II]. | ||
| 942 | _cBK | ||
| 590 | _aniveau_biblio:m niveau_hierar:0 | ||
| 100 | 1 | _aGalbraith, John Kenneth | |
| 856 | 4 | 1 |
_uhttps://www.biblioeco.unsa.edu.ar/pmb/images/libros/L127387.jpg _yImagen de portada _qimage/jpeg |
| 999 |
_c4283 _d4283 |
||